000 00300nam a2200109Ia 4500
008 220630s9999 xx 000 0 und d
020 _a978 0 7993 3005 1
082 _aAF VAND
100 _aVan Der Merwe, Marie
_965442
245 0 _aHartedief
942 _cBK
_w561
_xJohn Tresidder
_y296
_zPhillipina Naude
999 _c699668
_d699667